000
00315nam a2200133Ia 4500
008
150201s2011 xx 000 0 und d
082
_a
615
_b
C011J
100
_a
JAIN,NK
245
_a
CONTROLLED AND NOVEL DRUG DELIVEERY
250
_a
1ST
260
_b
CBS
_a
DELHI
_c
2011
650
_a
PHARMACOLOGY
942
_2
ddc
_c
BK
999
_c
1190
_d
1190